000 00404nam a2200145Ia 4500
008 090124s9999 xx 000 0 und d
082 _b6375
245 _a ही ज्य़ोत अंतरीची
250 _a0
260 _c1974
300 _a160
630 _a ही ज्य़ोत अंतरीची
730 _a ही ज्य़ोत अंतरीची
942 _cBOOK
999 _c85252
_d85252